SM&D - Révisions BTS COM - Statistiques

Statistiques générales
  • Ce quiz a été pris 25 fois
  • Le résultat moyen est 25 sur 67
Statistiques - réponses
Hint Réponse % Correct
CPM Coût par mille
78%
Loi pour la transparence des transactions publicitaires Sapin
78%
BUMP Baromètre Unifié du Marché Publicitaire
67%
Analyse de la concurrence Benchmark
67%
CPC Coût par clic
67%
Logiciel de gestion de la relation client CRM
67%
Loi qui a interdit les publicités pour l'alcool, certains médicaments, le tabac... Évin
67%
social
67%
Être attentif à ce qui se dit sur les réseaux sociaux social listenning
67%
Service de vidéo à la demande financé par la publicité AVOD
56%
fréquence
56%
montant
56%
Prospection, trouver de nouveaux clients new-biz
56%
PDV part de voix
56%
Fidéliser ses clients re-biz
56%
3 critères de la segmentation RFM récence
56%
Service de vidéo à la demande par abonnement SVOD
56%
Loi pour la traduction des termes anglais Toubon
56%
Régie de canal+ Canal+ Brand Solution
44%
3 branches principales du digital : display
44%
Données que l'utilisateur donne à l'entreprise first-party
44%
Représentation du parcours client sous forme d'entonnoir Funnel
44%
Programme qui absorbe des start-ups pour leur apporter des compétences contre des parts de capital incubateur
44%
Mesure d'audience de la TV Médiamat
44%
ODE occasion d'entendre
44%
ODV occasion de voir
44%
Étude qui se concentre principalement sur des interprétations qualitative
44%
Étude qui se concentre principalement sur des mesures et des statistiques quantitative
44%
Service de vidéo à la demande par abonnement et financé par la publicité SAVOD
44%
Données échangées entre entreprises second-party
44%
Micro-modification d’une situation pouvant annoncer un changement, détecté dans un contexte de veille signal faible
44%
Données collectées grâce aux cookies thrid-party
44%
Ciblage en fonction de la page actuellement consultée ciblage contextuel
33%
Diriger la clientèle vers le point de vente Drive to store
33%
Chaines TV linéaires diffusées en ligne FAST
33%
Étude de référence publiée par le SRI et l'UDECAM Observatoire de l'e-pub
33%
Mesure d'audience de la presse OneNext
33%
Achat, planning et diffusion automatisés par IA programmatique
33%
Principales sources de revenu de la presse publicité
33%
search
33%
SRI Syndicat des Régies Internet
33%
Signal sonore inaudible qui permet d’identifier une pub ou protéger une œuvre watermarking
33%
abonnements individuels
22%
CESP Centre d’Étude des Supports de Publicité
22%
Environnement cloud qui permet à plusieurs organisations de partager entre elles des données de manière sécurisée et anonyme Data Clean Room
22%
DEI durée d'écoute individuelle
22%
Mesure d'audience de la radio EAR
22%
Achat d’un spot à un horaire et un emplacement précis gré à gré
22%
MMM Mix Marketing Modeling
22%
Ciblage en fonction des mots-clefs sémantique
22%
subventions
22%
SNPTV Syndicat National de la Publicité Télévisée
22%
Rapport entre les personnes qui ont vu entièrement une pub par rapport à ceux qui ont été touchés taux de complétion
22%
Rapport entre les personnes touchées et les personne qui ont acheté taux de conversion
22%
volume
22%
Outil de mesure des émissions carbones des campagnes de publicité extérieur adOOHcc
11%
Logiciels, outils et systèmes qui permettent l'achat et la vente de publicité numérique AdTech
11%
Mesure d'audience de sites web, applications, ... Audience Internet Global
11%
Principaux arguments de vente des plateformes de vidéo à la demande exclusivités
11%
Accélérateur de start-ups de TF1 Media Lab TF1
11%
partenariats
11%
portage
11%
Valeur obtenue par le rapport de la portée sur la couverture reach
11%
Logiciel accessible via internet, sans avoir à installer quoi que ce soit sur son ordinateur SaaS
11%
Campus sur lequel il est implanté, fondé par Xavier Niel Station F
11%
UPE Union de la Publicité Extérieure
11%
UDECAM Union Des Entreprises en Conseil et Achat Media
11%
Aucun quiz correspondant
Distribution des résultats
% des personnes avec chaque résultat
Percentile par nombre de réponses
Votre historique - résultats
Vous n’avez pas pris ce quiz